Science Quiz

Random Science or Chemistry Quiz

60 Second Blitz: Element Symbols Quiz Stats

Quiz Updated Nov 30, 2016

Challenge
Share
Tweet
Embed
Score 0/118 Timer 01:00
14 Plays Today
Atomic No. Symbol % Correct
1H
94.7%
6C
90.4%
7N
87.3%
5B
86.8%
8O
83.6%
2He
80.1%
15P
78.1%
9F
75.7%
16S
73.2%
19K
69.8%
3Li
62.2%
53I
58.5%
4Be
52.7%
79Au
50.6%
92U
48.9%
10Ne
48%
47Ag
47.7%
18Ar
47.6%
12Mg
46.1%
11Na
45.4%
20Ca
45.1%
39Y
43.6%
74W
43.5%
17Cl
39.7%
23V
36.8%
25Mn
35.4%
26Fe
34.8%
13Al
34.1%
54Xe
32.8%
27Co
31%
29Cu
31%
33As
30.5%
35Br
30.3%
14Si
28.3%
22Ti
26.7%
28Ni
26.3%
82Pb
23.4%
88Ra
22.8%
30Zn
22.1%
56Ba
21.5%
Atomic No. Symbol % Correct
24Cr
21.3%
31Ga
21.2%
32Ge
20.8%
50Sn
20.2%
36Kr
19.8%
80Hg
19%
85At
18.8%
84Po
18%
34Se
17.6%
114Fl
17.2%
58Ce
16.8%
57La
16.4%
55Cs
16.2%
95Am
16%
78Pt
15.5%
42Mo
14.5%
21Sc
14.5%
52Te
14.3%
87Fr
14.1%
89Ac
13.8%
45Rh
13.6%
83Bi
13.6%
48Cd
13%
102No
13%
37Rb
12.8%
86Rn
12.7%
75Re
12.5%
99Es
12.5%
44Ru
11.9%
51Sb
11.7%
94Pu
11.5%
68Er
11.5%
91Pa
11.3%
49In
11.2%
77Ir
11.1%
38Sr
11%
73Ta
10.6%
40Zr
10.4%
90Th
10.1%
46Pd
9.3%
Atomic No. Symbol % Correct
67Ho
9.2%
96Cm
9.1%
76Os
9%
70Yb
8.5%
81Tl
8.4%
41Nb
8.3%
72Hf
8.3%
63Eu
7.8%
59Pr
7.7%
98Cf
7.6%
112Cn
7.5%
71Lu
7.3%
43Tc
7.3%
66Dy
6.9%
101Md
6.4%
64Gd
6.3%
93Np
6.1%
116Lv
5.8%
110Ds
5.7%
62Sm
5.7%
97Bk
5.6%
118Og
5.4%
61Pm
5.3%
107Bh
5.3%
103Lr
5%
105Db
4.9%
108Hs
4.9%
109Mt
4.7%
60Nd
4.7%
69Tm
4.6%
104Rf
4.5%
65Tb
4.3%
100Fm
4.1%
106Sg
4%
117Ts
3.9%
115Mc
3.5%
111Rg
3.4%
113Nh
2.3%

You're not logged in!

Compare scores with friends on all Sporcle quizzes.
Sign Up with Email
OR
Log In

You Might Also Like...

Show Comments

Extras

Top Quizzes Today


Score Distribution

Your Account Isn't Verified!

In order to create a playlist on Sporcle, you need to verify the email address you used during registration. Go to your Sporcle Settings to finish the process.